| 000 -LEADER |
| fixed length control field |
01389cam a22003854a 4500 |
| 001 - CONTROL NUMBER |
| control field |
7842267 |
| 003 - CONTROL NUMBER IDENTIFIER |
| control field |
OSt |
| 005 - DATE AND TIME OF LATEST TRANSACTION |
| control field |
20210823153029.0 |
| 006 - FIXED-LENGTH DATA ELEMENTS--ADDITIONAL MATERIAL CHARACTERISTICS |
| fixed length control field |
m d |
| 007 - PHYSICAL DESCRIPTION FIXED FIELD--GENERAL INFORMATION |
| fixed length control field |
cr n |
| 008 - FIXED-LENGTH DATA ELEMENTS--GENERAL INFORMATION |
| fixed length control field |
070711s2007 gw a sb 001 0 eng d |
| 020 ## - INTERNATIONAL STANDARD BOOK NUMBER |
| International Standard Book Number |
9783540737209 (hardcover : alk. paper) |
| 035 ## - SYSTEM CONTROL NUMBER |
| System control number |
(WaSeSS)ssj0000316113 |
| 038 ## - RECORD CONTENT LICENSOR |
| Staff Name |
khadija |
| 040 ## - CATALOGING SOURCE |
| Original cataloging agency |
DLC |
| Transcribing agency |
DLC |
| Modifying agency |
WaSeSS |
| 050 #4 - LIBRARY OF CONGRESS CALL NUMBER |
| Classification number |
QA76.758 |
| Item number |
.B445 2007 |
| 082 ## - DEWEY DECIMAL CLASSIFICATION NUMBER |
| Classification number |
005.1 |
| Author Mark |
BEL |
| 100 1# - MAIN ENTRY--PERSONAL NAME |
| Personal name |
Beliakov, Gleb. |
| 9 (RLIN) |
81639 |
| 210 10 - ABBREVIATED TITLE |
| Abbreviated title |
Aggregation functions |
| 245 10 - TITLE STATEMENT |
| Title |
Aggregation Functions |
| Remainder of title |
A Guide for Practitioners / |
| Statement of responsibility, etc. |
Gleb Beliakov, Ana Pradera, Tomasa Calvo. |
| 260 ## - PUBLICATION, DISTRIBUTION, ETC. |
| Place of publication, distribution, etc. |
Berlin ; |
| -- |
New York : |
| Name of publisher, distributor, etc. |
Springer, |
| Date of publication, distribution, etc. |
c2007. |
| 490 0# - SERIES STATEMENT |
| Series statement |
Studies in fuzziness and soft computing ; |
| Volume/sequential designation |
221 |
| 504 ## - BIBLIOGRAPHY, ETC. NOTE |
| Bibliography, etc. note |
Includes bibliographical references and index. |
| 506 ## - RESTRICTIONS ON ACCESS NOTE |
| Terms governing access |
License restrictions may limit access. |
| 563 ## - BINDING INFORMATION |
| Binding note |
hard cover |
| 650 #0 - SUBJECT ADDED ENTRY--TOPICAL TERM |
| Topical term or geographic name entry element |
Software engineering. |
| 9 (RLIN) |
2256 |
| 650 #0 - SUBJECT ADDED ENTRY--TOPICAL TERM |
| Topical term or geographic name entry element |
Aggregation operators. |
| 9 (RLIN) |
81640 |
| 650 #0 - SUBJECT ADDED ENTRY--TOPICAL TERM |
| Topical term or geographic name entry element |
Multiple criteria decision making. |
| 9 (RLIN) |
81641 |
| 700 1# - ADDED ENTRY--PERSONAL NAME |
| Personal name |
Pradera, Ana. |
| 9 (RLIN) |
81642 |
| 700 1# - ADDED ENTRY--PERSONAL NAME |
| Personal name |
Calvo, Tomasa, |
| Dates associated with a name |
1954- |
| 9 (RLIN) |
81643 |
| 773 #0 - HOST ITEM ENTRY |
| Title |
SpringerLink ebooks - Engineering (2007) |
| 856 40 - ELECTRONIC LOCATION AND ACCESS |
| Uniform Resource Identifier |
<a href="http://www.columbia.edu/cgi-bin/cul/resolve?clio7842267">http://www.columbia.edu/cgi-bin/cul/resolve?clio7842267</a> |
| Public note |
Full text available from SpringerLink ebooks - Engineering (2007) |
| 910 ## - USER-OPTION DATA (OCLC) |
| User-option data |
Library of Congress record |
| 942 ## - ADDED ENTRY ELEMENTS (KOHA) |
| Source of classification or shelving scheme |
|
| Koha item type |
Book |